Las 10 ciudades más grandes de Canelones - Estadísticas

Estadísticas generales
  • Esta prueba ha sido intentada 8 veces
  • La puntuación promedio es 6 de 10
Estadísticas de respuestas
Población Ciudad % Correcto
71.268 Las Piedras
100%
112.449 Ciudad de la Costa
83%
20.526 La Paz
83%
25.949 Pando
83%
16.475 Santa Lucía
83%
19.865 Canelones
67%
16.244 Progreso
67%
31.650 Barros Blancos
33%
21.367 18 de Mayo
17%
15.028 Paso Carrasco
0%
No se encontraron pruebas coincidentes
Distribución de puntuación
Porcentaje de gente con cada puntuación
Porcentaje por número respondido
Historial de tus puntuaciones
No has intentado esta prueba.